| 000 | 00389nam a2200145 a 4500 | ||
|---|---|---|---|
| 001 | 1685 | ||
| 003 | CDMR | ||
| 005 | 20130723120048.0 | ||
| 008 | 130130s1971||||||||||||||||||||||||||||d | ||
| 040 |
_aCDMR _bcat _cCPC GIRONA |
||
| 100 | 1 |
_aVázquez Montalbán, Manuel _9766 |
|
| 245 | 1 | 0 |
_aInforme sobre la información _cVázquez Montalbán, Manuel |
| 260 |
_c1971 _bFontanella |
||
| 942 |
_cMON _2udc |
||
| 999 |
_c1685 _d1685 |
||